Devinez la Capitale Mystère #59 - Statistiques

Statistiques générales
  • Ce quiz a été pris 150 fois
  • Le résultat moyen est 33 sur 39
Statistiques - réponses
Type de Réponse Réponse % Correct
Lettre Trouvée A
99%
Lettre Trouvée R
99%
Lettre Trouvée I
98%
Lettre de l'Alphabet S
98%
Lettre Trouvée E
97%
Lettre Trouvée N
97%
Lettre de l'Alphabet D
96%
Lettre Trouvée O
96%
Lettre Trouvée T
96%
Lettre de l'Alphabet L
94%
Lettre de l'Alphabet B
93%
Lettre de l'Alphabet M
93%
Lettre Trouvée P
93%
Lettre Bien Placée R
92%
Lettre Bien Placée P
91%
Lettre Bien Placée O
90%
Lettre Trouvée U
90%
Lettre de l'Alphabet G
88%
Lettre de l'Alphabet V
87%
Lettre de l'Alphabet K
86%
Lettre de l'Alphabet W
86%
Lettre Trouvée C
85%
Lettre de l'Alphabet H
84%
Lettre Bien Placée N
82%
Lettre de l'Alphabet Y
82%
Lettre Bien Placée E
79%
Lettre Bien Placée A
78%
Lettre Bien Placée T
78%
Lettre de l'Alphabet J
77%
Lettre de l'Alphabet X
77%
Lettre Bien Placée U
76%
Lettre de l'Alphabet Z
76%
Lettre Bien Placée I
74%
Lettre de l'Alphabet F
73%
Lettre Bien Placée R
73%
Lettre de l'Alphabet Q
72%
Lettre Bien Placée C
71%
Lettre Bien Placée P
71%
Capitale Mystère Port-au-Prince
71%
Aucun quiz correspondant
Distribution des résultats
% des personnes avec chaque résultat
Percentile par nombre de réponses
Votre historique - résultats
Vous n’avez pas pris ce quiz